=LDR 00000nam 2200000 4500 =001 INLIS000000000025699 =005 20130612124204 =008 ***********************************Ind** =035 ##$$0010-061300000025699 =041 ##$$a Ind =082 ##$$a 345.02 =090 ##$$a 345.02, Ham p =100 ##$$a Hamzah =245 ##$$a Pornografi dalam hukum pidana, Hamzah =260 ##$$a 1987 $b Jakarta =300 ##$$a 208 hlm, 21 cm =650 ##$$a Pornografi dlm hukum =850 ##$$a NBPNMAT